|
|
|
|
| LEADER |
01172nam a2200241 a 4500 |
| 001 |
31675 |
| 003 |
BD-DhAAL |
| 005 |
20170511130606.0 |
| 008 |
170511s2016 bg ||||| |||| 00| 1 ben d |
| 999 |
|
|
|c 38044
|d 38044
|
| 020 |
|
|
|a 9847016600272
|
| 040 |
|
|
|a BD-DhAAL
|c BD-DhAAL
|
| 082 |
|
|
|2 23
|a 891.44371
|
| 100 |
|
|
|a আহমেদ, হুমায়ুন
|9 21535
|
| 245 |
|
|
|a বহুব্রীহি /
|c হুমায়ুন আহমেদ
|
| 260 |
|
|
|a ঢাকা :
|b আফসার ব্রাদার্স,
|c ২০১৬
|
| 300 |
|
|
|a ১৯১ পৃষ্ঠা ;
|c ২২ সে.মি.
|
| 526 |
|
|
|a AAL
|
| 541 |
|
|
|e 31674, 31675
|
| 650 |
|
|
|a Bengali fiction
|z Bangladesh
|9 21536
|
| 942 |
|
|
|2 ddc
|c BK
|
| 952 |
|
|
|0 0
|1 0
|2 ddc
|4 0
|6 891_443710000000000_AHM
|7 0
|8 FIC
|9 60183
|a BRACUL
|b BRACUL
|c GEN
|d 2017-04-13
|e Paragon Enterprises
|g 220.00
|l 49
|m 194
|o 891.44371 AHM
|p 3010031675
|q 2025-10-08
|r 2025-07-20
|s 2025-07-20
|t 2
|v 220.00
|w 2017-04-13
|y BK
|
| 952 |
|
|
|0 0
|1 4
|2 ddc
|4 0
|6 891_443710000000000_AHM
|7 0
|8 FIC
|9 60184
|a BRACUL
|b BRACUL
|c GEN
|d 2017-04-13
|e Paragon Enterprises
|g 220.00
|l 1
|o 891.44371 AHM
|p 3010031674
|r 2017-05-23
|s 2017-05-22
|t 1
|v 220.00
|w 2017-04-13
|y BK
|x Koha Inventory 2020
|